000 00632nam a2200217 a 4500
003 OSt
005 20140310183627.0
008 060828s19uu xx 00 eng d
020 _a981-247-069-7
050 _aTX 928
_b.G73 2003
100 _aGray, William S.
245 _aHotel and motel management and operations /
_cWilliam S. Gray and Salvatore C. Liguori
250 _a4th ed.
260 _aSingapore :
_bPearson Education Asia, Ltd,
_c2003.
300 _a412 p. :
_c24 cm.
521 _aTOU
650 _aHotel housekeeping
_xManagement.
700 _aLiguori, Salvatori C.
942 _cBK
_2lcc
_kFOR
999 _c25542
_d25542